000 00217nam a2200097Ia 4500
008 240331s9999 xx 000 0 und d
082 _bAMB
100 _aAmbai,
245 0 _aVeetin moolaiyil oru samaiyalarai
942 _cL
999 _c4368
_d4368